000 00679nam a2200253Ia 4500
003 OSt
005 20221005035401.0
006 a|||||r|||| 00| 0
007 ta
008 221004b |||||||| |||| 00| 0 eng d
020 _a817835277X
024 _a79253
037 _cTextual
040 _aCRL
_cCRL
_beng
041 _2eng
_aeng
082 _aV2,11y7N24, P4
100 _aDass Sujata K Ed.
245 0 _aAtal Bihari Vajpayee
_b Prime Minister of India
260 _aDelhi
_bKalpaz Publications India
_c2004
300 _a347p.
_ccm.
650 _aHISTORY
942 _hV2,11y7N24, P4
_cTEXL
_2cc
999 _c945051
_d945051